[Event "Hannover Region-ch"]
[Site "Hannover"]
[Date "2006.04.01"]
[Round "7"]
[White "Olvohoi, Michail"]
[Black "Kusmierek, Kasper Jan"]
[Result "0-1"]
[WhiteElo "938"]
[BlackElo "1629"]
[PlyCount "44"]
[EventDate "2006.01.14"]
[EventType "swiss"]
[EventRounds "7"]
[EventCountry "GER"]
[SourceTitle "EXT 2021"]
[Source "ChessBase"]
[SourceDate "2020.10.23"]
[SourceVersion "1"]
[SourceVersionDate "2020.10.23"]
[SourceQuality "1"]

1. e4 e6 2. d4 d5 3. exd5 exd5 4. Bd3 Bd6 5. Nf3 Nc6 6. 0-0 Nge7 7. Be3 Be6 8. Nbd2 Qd7 9. c3 h6 10. Re1 0-0-0 11. Qa4 g5 12. Re2 Rdg8 13. Nb3 Bf5 14. Bxf5 Nxf5 15. Nc5 Bxc5 16. dxc5 g4 17. Nd4 Ncxd4 18. Bxd4 Qxa4 19. Bxh8 Rxh8 20. Rae1 Qxa2 21. Re8+ Rxe8 22. Rxe8+ Kd7 0-1

[Event "Hannover Region-ch"]
[Site "Hannover"]
[Date "2006.03.18"]
[Round "6"]
[White "Kusmierek, Kasper Jan"]
[Black "Lebek, Ricarda"]
[Result "0-1"]
[WhiteElo "1629"]
[BlackElo "1496"]
[PlyCount "136"]
[EventDate "2006.01.14"]
[EventType "swiss"]
[EventRounds "7"]
[EventCountry "GER"]
[SourceTitle "EXT 2021"]
[Source "ChessBase"]
[SourceDate "2020.10.23"]
[SourceVersion "1"]
[SourceVersionDate "2020.10.23"]
[SourceQuality "1"]

1. e4 e6 2. d4 d5 3. e5 c5 4. c3 Qb6 5. Nf3 Bd7 6. a3 cxd4 7. cxd4 Bb5 8. Bd3 Qa6 9. Bxb5+ Qxb5 10. Nc3 Qa6 11. Qa4+ Qxa4 12. Nxa4 Nc6 13. b4 b6 14. Bd2 f6 15. Rc1 Kd7 16. b5 Nd8 17. Bb4 Nh6 18. 0-0 Ndf7 19. Rfe1 Bxb4 20. axb4 Rac8 21. h3 Rxc1 22. Rxc1 Rc8 23. Rxc8 Kxc8 24. exf6 gxf6 25. Nc3 Nd6 26. Kf1 Kb7 27. Ke2 a5 28. bxa6+ Kxa6 29. Kd3 Nb5 30. g4 Nxc3 31. Kxc3 Nf7 32. Kb3 Kb5 33. Kc3 Nd6 34. Nd2 Ka4 35. f3 Nb5+ 36. Kd3 Kxb4 37. f4 Nd6 38. h4 b5 39. h5 Nf7 40. Nf3 h6 41. Ne1 Kb3 42. Nf3 Kb2 43. Kd2 Nd6 44. Ke3 Nf7 45. Kd2 b4 46. Ne1 Ka2 47. Nd3 Ka3 48. Kc2 b3+ 49. Kb1 Nd6 50. g5 fxg5 51. fxg5 Nf5 52. g6 Ng7 53. Nf4 Kb4 54. Kb2 Kc4 55. Ne2 Nxh5 56. Nf4 Ng7 57. Ne2 Kd3 58. Ng3 Kxd4 59. Kxb3 Ke5 60. Kc3 Kf6 61. Kd4 Kxg6 62. Ke5 Kg5 63. Ne2 h5 64. Ng1 Kg4 65. Kf6 Nf5 66. Kxe6 d4 67. Ne2 h4 68. Kd5 h3 0-1

[Event "GER-chT U12"]
[Site "Verden"]
[Date "2005.12.29"]
[Round "5.2"]
[White "Wolf, Isaak"]
[Black "Kusmierek, Kasper Jan"]
[Result "1/2-1/2"]
[WhiteElo "1630"]
[BlackElo "1470"]
[PlyCount "131"]
[EventDate "2005.12.27"]
[EventType "team-swiss"]
[EventRounds "7"]
[EventCountry "GER"]
[SourceTitle "CBM 110 Extra"]
[Source "ChessBase"]
[SourceDate "2006.03.10"]
[SourceVersion "2"]
[SourceVersionDate "2006.03.10"]
[SourceQuality "1"]

1. e4 e6 2. d4 d5 3. exd5 exd5 4. Nf3 Nc6 5. c4 Nf6 6. Nc3 Bb4 7. a3 Bxc3+ 8. bxc3 0-0 9. Be2 dxc4 10. Bxc4 Re8+ 11. Be3 Nd5 12. Bxd5 Qxd5 13. 0-0 Bg4 14. Bf4 Re7 15. Qd3 Rae8 16. Rfe1 Bf5 17. Rxe7 Rxe7 18. Qd2 Na5 19. Re1 Qd8 20. Rxe7 Qxe7 21. Qa2 Be6 22. d5 Qd8 23. Bxc7 Qxc7 24. dxe6 Qxc3 25. exf7+ Kf8 26. Qe6 Qc1+ 27. Ne1 Qc6 28. Qe5 Nc4 29. Qb8+ Kxf7 30. Qxa7 Qe4 31. Nc2 Qxc2 32. Qxb7+ Kg6 33. Qc6+ Kg5 34. Qd5+ Kh6 35. Qe6+ Kg5 36. Qd5+ Kf6 37. Qc6+ Ke5 38. Qc5+ Ke4 39. f3+ Kd3 40. h3 Qc1+ 41. Kh2 Qxa3 42. Qf5+ Kc3 43. Qxh7 Qd6+ 44. Kh1 Qd1+ 45. Kh2 Qd6+ 46. Kh1 Qe5 47. Qb1 Kd4 48. Qd1+ Kc5 49. Qc1 Kd5 50. Qd1+ Ke6 51. Qb3 Qd4 52. Qa2 Qd1+ 53. Kh2 Qd5 54. Qc2 Kf6 55. Qf2 Qg5 56. Qc2 Qd5 57. Qf2 Qh5 58. Qf1 Qc5 59. Qd3 Qd6+ 60. Qxd6+ Nxd6 61. g4 Kg5 62. Kg3 g6 63. h4+ Kf6 64. h5 gxh5 65. gxh5 Kg5 66. f4+ 1/2-1/2

[Event "GER-chT U12"]
[Site "Verden"]
[Date "2005.12.28"]
[Round "4.2"]
[White "Kusmierek, Kasper Jan"]
[Black "Kartsev, Alexandr"]
[Result "1/2-1/2"]
[WhiteElo "1470"]
[BlackElo "1642"]
[PlyCount "170"]
[EventDate "2005.12.27"]
[EventType "team-swiss"]
[EventRounds "7"]
[EventCountry "GER"]
[SourceTitle "CBM 110 Extra"]
[Source "ChessBase"]
[SourceDate "2006.03.10"]
[SourceVersion "2"]
[SourceVersionDate "2006.03.10"]
[SourceQuality "1"]

1. e4 d5 2. exd5 Nf6 3. d4 Nxd5 4. g3 Nc6 5. Bg2 Bf5 6. c3 Qd7 7. Nf3 Bh3 8. 0-0 Bxg2 9. Kxg2 e6 10. Re1 Be7 11. b3 0-0-0 12. a4 Rdg8 13. c4 Ndb4 14. Ba3 g5 15. Bxb4 Bxb4 16. Ne5 Nxe5 17. Rxe5 h5 18. Qd3 h4 19. Nc3 Bxc3 20. Qxc3 h3+ 21. Kf1 g4 22. d5 exd5 23. Rxd5 Qc6 24. Qd3 Qf6 25. Qf5+ Qxf5 26. Rxf5 Rf8 27. Rd1 f6 28. Rd4 Rhg8 29. Rdf4 Rg6 30. Rh5 Rd8 31. Ke2 Re8+ 32. Kf1 Re6 33. Rh4 Rb6 34. Rd4 Rg8 35. Rd3 f5 36. f3 Rf6 37. Kg1 b6 38. Rd4 gxf3 39. Rxh3 f4 40. Kf2 fxg3+ 41. Rxg3 Rh8 42. h4 Rhf8 43. Rd3 Rh8 44. Rh3 Rf4 45. h5 Rf5 46. h6 Rf6 47. h7 Rf7 48. Rdxf3 Rhxh7 49. Rxh7 Rxh7 50. Ke3 Rd7 51. Rf8+ Kb7 52. Rf4 a5 53. Re4 Kc6 54. Re5 Kb7 55. Ke4 Rd1 56. Rd5 Rh1 57. Rf5 Kc6 58. Rd5 Rb1 59. Rb5 Kb7 60. c5 Kc6 61. cxb6 cxb6 62. Kd4 Rh1 63. Kc4 Rh4+ 64. Kd3 Rh3+ 65. Kc4 Rh4+ 66. Kd3 Rg4 67. Kc3 Rg3+ 68. Kc4 Rg4+ 69. Kc3 Rh4 70. Kd3 Rh3+ 71. Kc4 Rh4+ 72. Kd3 Rh1 73. Kc4 Rf1 74. Kd4 Rd1+ 75. Kc4 Rc1+ 76. Kd4 Re1 77. Kc4 Re8 78. Kd4 Rd8+ 79. Kc4 Rd7 80. Re5 Rd1 81. Rb5 Rc1+ 82. Kd4 Rc2 83. Rf5 Rd2+ 84. Kc4 Rd6 85. Rb5 Rd7 1/2-1/2